Imiona na R - Statystyki

Ogólne statystyki
  • Ten quiz został rozwiązany 38 razy
  • Średni wynik to 12 z 24
Statystyki odpowiedzi
Hint Odpowiedź % Poprawnych
ż Renata
88%
m Robert
88%
ż Roma
82%
m Ryszard
79%
m Roman
76%
ż Róża
76%
m Radosław
67%
m Romuald
67%
m Remigiusz
64%
ż Roberta
61%
ż Ryszarda
61%
ż Rozalia
55%
ż Radosława
48%
m Rafał
48%
ż Regina
48%
ż Romualda
45%
ż Roksana
39%
m Roland
24%
m Ronald
21%
ż Rebeka
18%
m Roch
18%
m Rudolf
12%
m Rufus
9%
m Remus
3%
Nie znaleziono quizów pasujących do podanych kryteriów
Rozkład punktacji
Procent ludzi z każdym wynikiem
Percentyl według liczby udzielonych odpowiedzi
Twoja historia wyników
Nie rozwiązałeś tego quizu